Európsky a svetový význam striebornosného baníctva na Slovensku v minulosti

Bibliographic Details
Main Author: Novák, Ján, 1943- (Author)
Format: Article
Language:Slovak
ISBN:8088924235
Subjects:

MARC

LEADER 00000naa a2200000 a 4500
001 vtls011071867
003 SK-MaSNL
005 20260302145133.0
008 210910|2002 xo |||||||||||||||||slo|
015 |a SNBCL 
035 |a (urnnbn)urn:nbn:sk:snk:ar-a0cb8f 
035 |a urn:nbn:sk:snk-aaw25u 
035 |a (uuid)93caa083-baaf-45c7-af2b-0b656d699eb9 
040 |a SNKBUCL  |b slo  |c SNKBUCL  |e AACR2 
041 |a slo 
044 |a xo  |c SK 
100 1 |a Novák, Ján,  |d 1943-  |4 aut  |9 201132 
245 1 0 |a Európsky a svetový význam striebornosného baníctva na Slovensku v minulosti  |c Ján Novák 
655 7 |a články zo zborníkov  |2 snkbucl  |9 166140 
773 0 |t Európske ložiská striebra a vplyvy ich ťažby na životné prostredie  |d Banská Štiavnica : Slovenské banské múzeum, 2002  |g S. 5-9  |z 8088924235 
958 |a OND 
958 |a article26 
958 |a chapter 
999 |c 1352813  |d 1354743